Volver a pensar la clase: las formas básicas de enseñar
Sparad:
| Huvudupphovsmän: | , |
|---|---|
| Materialtyp: | Bok |
| Språk: | spanska |
| Publicerad: |
Rosario
Homo Sapiens
2003
|
| Upplaga: | 1a. ed |
| Ämnen: | |
| Taggar: |
Lägg till en tagg
Inga taggar, Lägg till första taggen!
|
MARC
| LEADER | 00000nam a2200000 a 4500 | ||
|---|---|---|---|
| 001 | UCK5676 | ||
| 003 | CL-VaPUC | ||
| 008 | 050819e20030000AG |||||||||||||||||spa|d | ||
| 020 | |a 9508083840 | ||
| 082 | 0 | 4 | |a 371.3 |b SAN |2 21 |
| 100 | 0 | |a Sanjurjo, Liliana Olga |e author |9 494580 | |
| 700 | 0 | |a Rodríguez, Xulio |e author |9 494581 | |
| 245 | 1 | 0 | |a Volver a pensar la clase: las formas básicas de enseñar |
| 250 | |a 1a. ed | ||
| 300 | |a 249 p | ||
| 942 | |c BK | ||
| 945 | |d 20050819 00:00:00 |a cmena | ||
| 260 | |a Rosario |b Homo Sapiens |c 2003 | ||
| 650 | 0 | |a Métodos de enseñanza |9 270413 | |
| 650 | 0 | |a Investigación educacional |9 261192 | |
| 650 | 0 | |a Planificación del currículo |9 269599 | |
| 650 | 0 | |a Práctica docente |9 307872 | |
| 583 | |a last modification |c 20121104 08:27:39 |k Rodrigo Vera | ||
| 999 | |c 314172 |d 314170 | ||
| 952 | |0 0 |1 0 |4 0 |6 371_300000000000000_SAN_2003 |7 0 |8 A |9 386166 |a BIBEDU |b BIBEDU |d 2019-11-22 |i 4156021 |o 371.3 SAN 2003 |p 4156021 |r 2019-11-22 |w 2019-11-22 |y BK |k FIL | ||